El padre y su función en psicoanálisis : Joël Dor ; [traducción de Irene Agoff].

La función paterna constituye un epicentro crucial en la organización psíquica del sujeto, aunque tan sólo fuese porque nadie dispone de más salida que experimentar con ella su propia identidad sexual, a veces en grave detrimento de la determinación biológica de los sexos. De ahí la necesidad de fij...

Full description

Bibliographic Details
Main Author: Dor, Joël
Format: Libro
Language:Spanish
Published: Buenos Aires Nueva Visión 2008
Edition:1a. ed. 4a. reimp.
Series:Freud Lacan
Subjects:
Online Access:

MARC

LEADER 00000cam a2200000 a 4500
001 002058
003 UAHC_CL
005 20170803115812.0
008 090417s2008 ag 000 spa
020 |a 9789506022396 
040 |a UAHC_CL  |c UAHC_CL  |d UAHC_CL 
082 0 4 |a 155.6462  |b D693  |2 21 
100 1 |a Dor, Joël 
245 1 3 |a El padre y su función en psicoanálisis :  |b Joël Dor ; [traducción de Irene Agoff]. 
250 |a 1a. ed. 4a. reimp. 
260 |b Nueva Visión  |a Buenos Aires  |c 2008 
300 |a 106 p. 
490 0 |a Freud Lacan 
520 |a La función paterna constituye un epicentro crucial en la organización psíquica del sujeto, aunque tan sólo fuese porque nadie dispone de más salida que experimentar con ella su propia identidad sexual, a veces en grave detrimento de la determinación biológica de los sexos. De ahí la necesidad de fijar sus jalones más fundamentales para poder establecer toda la infraestructura metapsicológica que ordena su lógica interna.La concisión de este estudio, orientado ante todo a la elaboración de un practicable teórico riguroso, propone además una trayectoria perfectamente clara en el espacio de una topografía psíquica compleja, real, imaginaria y simbólica a su turno: la de la función del padre en relación con lo inconsciente. 
521 |a Psicopatología clínica 
650 4 |a PADRES E HIJOS 
650 4 |a PSICOANALISIS 
653 |a PSICOLOGIA 
658 |a Bilbao, Alejandro 
658 |a Fierro, Oscar 
900 |a 155.6462 DOR 
942 |c BK 
952 |0 0  |1 0  |4 0  |6 155_646200000000000_DOR  |7 0  |8 General  |9 4697  |a BC  |b BC  |c General  |d 2017-08-03  |l 1  |m 2  |o 155.6462 DOR  |p 1371043  |r 2026-01-07 00:00:00  |s 2024-09-11  |t 1  |w 2017-08-03  |y BK 
952 |0 0  |1 0  |4 0  |6 155_646200000000000_DOR  |7 0  |8 General  |9 4698  |a BC  |b BC  |c General  |d 2017-08-03  |l 3  |m 6  |o 155.6462 DOR  |p 1371044  |r 2026-01-07 00:00:00  |s 2023-05-09  |t 2  |w 2017-08-03  |y BK 
952 |0 0  |1 0  |4 0  |6 155_646200000000000_DOR  |7 0  |8 General  |9 4699  |a BC  |b BC  |c General  |d 2017-08-03  |l 4  |m 2  |o 155.6462 DOR  |p 1371045  |r 2026-01-07 00:00:00  |s 2024-08-21  |t 3  |w 2017-08-03  |y BK 
999 |c 2058  |d 2058